000 00499nam a22001817a 4500
003 BD-ChCU
005 20260125090932.0
008 260125b bg ||||| |||| 00| 0 ben d
040 _cBD-ChCU
082 _a364 SUP (6)
100 _aSutherland , Edwin H.
_919585
245 _aPrinciples of criminology ./
_cH Edwin , Sutherland
250 _a6th ed.
260 _aBombay :
_bTimes of India ,
_cC 1968
300 _aviii , 646p
650 0 _aCriminal psychology .
_919586
942 _2ddc
_cBK
_n0
999 _c111225
_d111225